000 00820nam a22002777a 4500
003 DO-SdBPM
005 20250306114244.0
008 210426b2012 ch 00| 0 spa d
020 _a9787802008380
040 _aDO-SdBPM
_bspa
_cBPMSU
_erda
082 4 _aR495.11
_bW246c 2012
_222
092 _a
100 1 _aWang, Weiqian
245 1 0 _aCurso intensivo del idioma chino en 30 días /
_cZhang Pengpeng
260 _aRepública Popular, China :
_bSonolingua,
_c2012
_b
300 _a247 p. :
_c26 cm.
500 _3
590 _aInventariado, 2025/VM
650 4 _aChino
_xAlfabeto.
650 4 _aEscritura china.
650 4 _aChino
_xGramática.
650 4 _aChino
_xEscritura
_v
650 4 _aChino
_xEnseñanza
_xEstdiantes extranjeros
910 _aVMateo V. Control de calidad. BPMSU
942 _2ddc
_cBK
999 _c14988
_d14988